Datum a čas kvízu

25.5 Celkem bodů Celkový počet nahraných bodů na tomto kvízu bez doplňovacích otázek.
9. Pořadí na kvízu Konečné umístění týmu na tomto kvízu.

Zaznamenané odpovědi

# Otázka Odpověď Body Výsledky
1. Jistou ulici v Praze někdo min... Ruská 1
2. Bývalý předseda vlády jedné ev... Rakousko, Sebastian Kurz 1
3. V úterý jsme se dozvěděli, že... Blade Runner 1
4. V sobotu nastal tzv. mikroúpln... sněžný 0
5. 34letý trojnásobný mistr světa... Peter Sagan 0
6. Součástí televizního programu... Hodina pravdy 1
7. Která veřejně známá osobnost z... Ladislav Zibura 0
8. Napište název televizní soutěž... Kufr 1
9. V dnešní době je velmi populár... 1C 2A 3D 4B 0
10. Kdo z uvedených nikdy nemodero... D 0